000 00882nas a2200301 4500
001 BR9212676
003 BR-BrBNA
005 20231205095309.0
007 ta
008 230509b bl.|||p| |||| 00| 00por d
040 _aBR-BrBNA
_bpor
_cBiblioteca Nacional de Agricultura
041 _a(Pt)
072 _aF30
100 1 _aLira, M. de A.
100 1 _aFaris, M.A.
100 1 _aReis, O.V. dos
100 1 _aTabosa, J.N.
245 1 _aCompeticao de variedades forrageiras de milheto em relacao ao milho, sorgo e capim elefante
650 _aMilheto
650 _aSorgo
650 _aCapim Elefante
650 _aVariedade
650 _aAdubacao
650 _aPratica Cultural
773 0 _tPesquisa Agropecuaria Pernambucana (Brazil)
_xISSN 0100-8501
_g(Dec 1977), v. 1(1) p. 23-32
_wBR9212676
909 _a202311
_bLúcia
_c55
_dLúcia Elande
942 _2AGRIS
_n0
_cANA
999 _c149885
_d149885